000 00586nam a2200241Ia 4500
003 OSt
005 20220924140216.0
006 a|||||r|||| 00| 0
007 ta
008 220923b |||||||| |||| 00| 0 ben d
024 _a294062
037 _cTextual
040 _aARTS
_cARTS
_bben
041 _2ben
_aben
082 _aO157,3x, H8
100 _aMitra o
_9210688
245 0 _aNavjivner prale
260 _c1948
650 _aBENGALI LITERATURE
700 _a Ghosh
_9104906
942 _hO157,3x, H8
_cTEXL
_2CC
999 _c443306
_d443306